| 000 | 00391nam a22001457a 4500 | ||
|---|---|---|---|
| 999 |
_c7877 _d7877 |
||
| 003 | OSt | ||
| 005 | 20200528111622.0 | ||
| 008 | 200528b ||||| |||| 00| 0 eng d | ||
| 020 | _a9783775734011 | ||
| 082 |
_a724.6 _bCOR |
||
| 100 | _a Correa, Charles | ||
| 245 |
_aA place in the shade/ _b the new landscape & other essays |
||
| 260 |
_aGermany _bHatje Cantz _cSeptember 30, 2012 |
||
| 942 | _2ddc | ||